[Event "World Amateur-ch U2000"]
[Site "Cagliari"]
[Date "2018.04.28"]
[Round "8"]
[White "Santilli, Enrico"]
[Black "Moran, Darragh"]
[Result "0-1"]
[WhiteElo "1879"]
[BlackElo "1743"]
[PlyCount "94"]
[EventDate "2018.04.22"]
[EventType "swiss"]
[EventRounds "9"]
[EventCountry "ITA"]
[SourceTitle "CBM 184 Extra"]
[Source "ChessBase"]
[SourceDate "2018.06.28"]
[SourceVersion "1"]
[SourceVersionDate "2018.06.28"]
[SourceQuality "1"]

1. e4 e6 2. d3 d5 3. Nd2 Nf6 4. Ngf3 c5 5. g3 Be7 6. Bg2 0-0 7. 0-0 Nc6 8. Re1 b5 9. h4 Qc7 10. e5 Nd7 11. Qe2 a5 12. Nf1 Ba6 13. Bf4 b4 14. c3 Nb6 15. N1h2 Na4 16. Qc2 Nb6 17. Ng4 Qd8 18. Rad1 a4 19. c4 Nd4 20. Nxd4 cxd4 21. b3 Bb7 22. Qd2 axb3 23. axb3 Ra3 24. Rb1 Qa8 25. Bg5 Bxg5 26. hxg5 dxc4 27. Bxb7 c3 28. Qe2 Qxb7 29. Qc2 Rfa8 30. Re4 Ra2 31. Qc1 c2 32. Kh2 cxb1Q 33. Qxb1 Qc6 34. Qd1 Ra1 35. Qf3 Qc1 36. Rxd4 Nd5 37. Rc4 Qg1+ 38. Kh3 Qh1+ 39. Qxh1 Rxh1+ 40. Kg2 Rb1 41. Nf6+ gxf6 42. gxf6 Rxb3 43. Rg4+ Kh8 44. Rd4 Rb1 45. f4 b3 46. f5 b2 47. fxe6 fxe6 0-1

[Event "World Amateur-ch U2000"]
[Site "Cagliari"]
[Date "2018.04.27"]
[Round "7"]
[White "Scarpa, Alessandra"]
[Black "Santilli, Enrico"]
[Result "1-0"]
[WhiteElo "1648"]
[BlackElo "1879"]
[PlyCount "69"]
[EventDate "2018.04.22"]
[EventType "swiss"]
[EventRounds "9"]
[EventCountry "ITA"]
[SourceTitle "CBM 184 Extra"]
[Source "ChessBase"]
[SourceDate "2018.06.28"]
[SourceVersion "1"]
[SourceVersionDate "2018.06.28"]
[SourceQuality "1"]

1. d4 f5 2. Nf3 Nf6 3. g3 g6 4. Bg2 Bg7 5. 0-0 0-0 6. e3 d6 7. b3 c6 8. c4 e5 9. dxe5 dxe5 10. Bb2 e4 11. Nd4 Ng4 12. Nc3 Ne5 13. Rb1 Nd3 14. Ba1 Qe7 15. Qe2 Nd7 16. Nc2 N7e5 17. Ne1 Be6 18. Nxd3 exd3 19. Qd2 Rad8 20. Na4 Ng4 21. Bxg7 Qxg7 22. Nb2 Rd6 23. Rfd1 Rfd8 24. Bf1 g5 25. Nxd3 f4 26. exf4 Bf5 27. Qe2 Rxd3 28. Rxd3 Rxd3 29. Qe8+ Qf8 30. Qxf8+ Kxf8 31. Bxd3 Bxd3 32. Rd1 Bf5 33. fxg5 Kf7 34. Re1 h6 35. f3 1-0

[Event "Cagliari Coppa 31st"]
[Site "Cagliari"]
[Date "2006.04.01"]
[Round "5"]
[White "Santilli, Enrico"]
[Black "Basciu, Simone"]
[Result "0-1"]
[WhiteElo "1892"]
[BlackElo "2176"]
[PlyCount "50"]
[EventDate "2006.03.25"]
[EventType "swiss"]
[EventRounds "7"]
[EventCountry "ITA"]
[SourceTitle "EXT 2024"]
[Source "ChessBase"]
[SourceDate "2023.10.10"]
[SourceVersion "1"]
[SourceVersionDate "2023.10.10"]
[SourceQuality "1"]

1. e4 e6 2. d4 d5 3. c4 dxe4 4. Nc3 Nd7 5. Nxe4 Ngf6 6. Bd3 Nxe4 7. Bxe4 Nf6 8. Bc2 c5 9. Nf3 cxd4 10. 0-0 Bc5 11. Ba4+ Bd7 12. Bd2 a5 13. Ne5 Bxa4 14. Qxa4+ Nd7 15. Rae1 Ke7 16. Qb5 Bd6 17. Nxf7 Kxf7 18. Rxe6 Nc5 19. Ree1 Qc7 20. a3 Qc6 21. Qxc6 bxc6 22. b4 Nd3 23. Rb1 axb4 24. axb4 Ra2 25. Rfd1 Rb8 0-1

[Event "Cagliari op 3rd"]
[Site "Cagliari"]
[Date "2003.03.22"]
[Round "4"]
[White "Atzeni, Franco"]
[Black "Santilli, Enrico"]
[Result "1-0"]
[WhiteElo "1909"]
[BlackElo "1723"]
[PlyCount "41"]
[EventDate "2003.03.08"]
[EventType "swiss"]
[EventRounds "7"]
[EventCountry "ITA"]
[SourceTitle "EXT 2024"]
[Source "ChessBase"]
[SourceDate "2023.10.10"]
[SourceVersion "1"]
[SourceVersionDate "2023.10.10"]
[SourceQuality "1"]

1. e4 d6 2. Nc3 Nf6 3. Bc4 c6 4. d4 b5 5. Bd3 Qb6 6. Nge2 e6 7. 0-0 Be7 8. d5 a6 9. Be3 Qc7 10. Nf4 0-0 11. Nh5 c5 12. e5 dxe5 13. d6 Bxd6 14. Nxf6+ gxf6 15. Qg4+ Kh8 16. Qh4 e4 17. Nxe4 Bxh2+ 18. Kh1 Rg8 19. Nxf6 Rg7 20. Bxh7 Bg3 21. Qh6 1-0

[Event "SEMI A037 email"]
[Site "SEMI email"]
[Date "2002.08.26"]
[Round "?"]
[White "Hilton, Stephen H"]
[Black "Santilli, Enrico"]
[Result "0-1"]
[WhiteElo "1835"]
[BlackElo "1800"]
[PlyCount "26"]
[EventDate "2002.08.26"]
[EventType "tourn (corr)"]
[EventRounds "5"]
[EventCountry "ITA"]
[SourceTitle "Telechess CBM 097"]
[Source "ChessBase"]
[SourceDate "2003.11.11"]
[SourceVersion "1"]
[SourceVersionDate "2003.11.11"]
[SourceQuality "1"]

1. d4 Nf6 2. c4 c5 3. d5 e6 4. Nc3 exd5 5. cxd5 d6 6. Nf3 g6 7. Nd2 Bg7 8. Nc4 0-0 9. Bf4 Ne8 10. e3 Na6 11. a4 Nac7 12. Be2 b6 13. 0-0 Ba6 0-1

[Event "SEMI A025 email"]
[Site "SEMI email"]
[Date "2001.09.15"]
[Round "?"]
[White "Santilli, Enrico"]
[Black "Cade, Stephen"]
[Result "1-0"]
[WhiteElo "1800"]
[BlackElo "2100"]
[PlyCount "85"]
[EventDate "2001.09.15"]
[EventType "tourn (corr)"]
[EventRounds "6"]
[EventCountry "ITA"]
[SourceTitle "Telechess CBM 091"]
[Source "ChessBase"]
[SourceDate "2002.11.12"]
[SourceVersion "1"]
[SourceVersionDate "2002.11.12"]
[SourceQuality "1"]

1. e4 e5 2. Bc4 Nf6 3. d4 exd4 4. Nf3 Nc6 5. 0-0 Nxe4 6. Re1 d5 7. Bxd5 Qxd5 8. Nc3 Qa5 9. Nxe4 Be6 10. Neg5 0-0-0 11. Nxe6 fxe6 12. Rxe6 Bd6 13. Bg5 Rdf8 14. Qe2 h6 15. Bd2 Qh5 16. h3 Qd5 17. Re4 Rf5 18. a3 Rhf8 19. Re1 Qf7 20. c3 dxc3 21. Bxc3 g5 22. b4 Qd7 23. b5 Nd8 24. a4 Rxf3 25. gxf3 Qxh3 26. Be5 Bxe5 27. Rxe5 Rxf3 28. Re4 Rd3 29. Rd1 Rxd1+ 30. Qxd1 Qf5 31. Re8 Qd7 32. Qxd7+ Kxd7 33. Rh8 Nf7 34. Ra8 c5 35. bxc6+ Kxc6 36. Rxa7 Nd8 37. Ra8 Kc7 38. a5 h5 39. Kg2 Kd7 40. Kf3 Kc7 41. Ke4 h4 42. a6 bxa6 43. Rxa6 1-0

[Event "SEMI A025 email"]
[Site "SEMI email"]
[Date "2001.09.15"]
[Round "?"]
[White "Santilli, Enrico"]
[Black "Ottaviani, Mauro"]
[Result "0-1"]
[WhiteElo "1800"]
[BlackElo "1800"]
[PlyCount "42"]
[EventDate "2001.09.15"]
[EventType "tourn (corr)"]
[EventRounds "6"]
[EventCountry "ITA"]
[SourceTitle "Telechess CBM 091"]
[Source "ChessBase"]
[SourceDate "2002.11.12"]
[SourceVersion "1"]
[SourceVersionDate "2002.11.12"]
[SourceQuality "1"]

1. e4 e5 2. Bc4 Nf6 3. d4 exd4 4. Nf3 Nxe4 5. Qxd4 Nf6 6. Bg5 Nc6 7. Qh4 d5 8. Bxf6 gxf6 9. Bb3 Qe7+ 10. Kf1 Be6 11. Nd4 Nxd4 12. Qxd4 c6 13. Nc3 Rg8 14. Re1 f5 15. g3 f4 16. Kg1 Qg5 17. Re5 Qg4 18. Qd1 Qg7 19. Re1 Bd6 20. Kg2 fxg3 21. hxg3 Bxg3 0-1

[Event "SEMI B017 email"]
[Site "SEMI email"]
[Date "2001.??.??"]
[Round "?"]
[White "Manzo, Andrea"]
[Black "Santilli, Enrico"]
[Result "1-0"]
[WhiteElo "1200"]
[BlackElo "1720"]
[PlyCount "83"]
[EventDate "2001.01.25"]
[EventType "tourn (corr)"]
[EventRounds "6"]
[EventCountry "ITA"]
[SourceTitle "Corr 2002"]
[Source "ChessBase"]
[SourceDate "2002.05.23"]
[SourceVersion "1"]
[SourceVersionDate "2002.05.23"]
[SourceQuality "1"]

1. c4 Nf6 2. a3 c5 3. d3 b6 4. Nf3 g6 5. e3 Bb7 6. Be2 Bg7 7. 0-0 0-0 8. Bd2 Qc7 9. Nc3 a6 10. Qc2 e6 11. Rfd1 Nc6 12. Rab1 Rac8 13. b4 cxb4 14. axb4 Ne7 15. d4 d6 16. e4 h6 17. Rbc1 b5 18. cxb5 Bxe4 19. Qa2 Bxf3 20. Bxf3 axb5 21. Nd5 Qd8 22. Nxf6+ Bxf6 23. Bxh6 Re8 24. d5 Ra8 25. Qb3 Nxd5 26. Bxd5 exd5 27. Qxd5 Re5 28. Qc6 Qe8 29. Qxe8+ Raxe8 30. Bf4 Bg5 31. Bxe5 Bxc1 32. Bxd6 Rd8 33. Rxc1 Rxd6 34. Kf1 Rd4 35. Rb1 f5 36. Ke2 g5 37. Rc1 Rxb4 38. Rc5 Rb2+ 39. Ke3 f4+ 40. Kf3 g4+ 41. Kxf4 Rxf2+ 42. Kg3 1-0

[Event "SEMI B017 email"]
[Site "SEMI email"]
[Date "2001.??.??"]
[Round "?"]
[White "Ricci, Stefano"]
[Black "Santilli, Enrico"]
[Result "0-1"]
[WhiteElo "1078"]
[BlackElo "1720"]
[PlyCount "26"]
[EventDate "2001.01.25"]
[EventType "tourn (corr)"]
[EventRounds "6"]
[EventCountry "ITA"]
[SourceTitle "Corr 2002"]
[Source "ChessBase"]
[SourceDate "2002.05.23"]
[SourceVersion "1"]
[SourceVersionDate "2002.05.23"]
[SourceQuality "1"]

1. e4 g6 2. Nf3 Bg7 3. d4 d6 4. h3 Nf6 5. Nc3 c6 6. Bc4 0-0 7. 0-0 Nxe4 8. Nxe4 d5 9. Bd3 dxe4 10. Bxe4 Nd7 11. c3 Nf6 12. Re1 Nxe4 13. Rxe4 Bf5 0-1